| 000 | 00338nab a22001097u 4500 | ||
|---|---|---|---|
| 008 | 130520b1988 xxu||||| |||| 00| 0 spa d | ||
| 041 | _aspa | ||
| 100 | 1 |
_aValdrini, Patrick _910802 |
|
| 245 | 0 | 0 |
_aEjercicio del poder y principio de sumisión _cPatrick Valdrini |
| 773 | 0 |
_tConcilium _gV.1,1988,págs.427-436 _x0210-1041 _wRev134 |
|
| 942 | _cAR | ||
| 999 |
_c355391 _d355391 |
||